书目信息 |
| 题名: |
正确认识和把握反腐败斗争形势
|
|
| 作者: | ;中央纪委宣传教育室 编 | |
| 分册: | ||
| 出版信息: | 北京 中国方正出版社 2001 |
|
| 页数: | 北京 | |
| 开本: | 20cm | |
| 丛书名: | ||
| 单 册: | ||
| 中图分类: | D262.6 | |
| 科图分类: | ||
| 主题词: | 中国共产党 | |
| 电子资源: | ||
| ISBN: | 7-80107-497-1 | |
| 000 | 00652nam0 2200181 450 | |
| 001 | 0762936186 | |
| 005 | 20070719084848.04 | |
| 010 | @a7-80107-497-1@dCNY5.60 | |
| 100 | @a20070704d2001 km y0chiy0120 ea | |
| 101 | 0 | @achi |
| 200 | 1 | @a正确认识和把握反腐败斗争形势@Azheng que ren shi he ba wo fan fu bai dou zheng xing shi@f中央纪委宣传教育室编@Fzhong yang ji wei xuan chuan jiao yu shi bian |
| 210 | @a北京@c中国方正出版社@d2001 | |
| 215 | @a北京@c中国方正出版社@d20cm | |
| 606 | 0 | @a中国共产党 |
| 690 | @aD262.6@v3 | |
| 711 | 02 | @a中央纪委宣传教育室@Azhong yang ji wei xuan chuan jiao yu shi@4编 |
| 801 | 0 | @aCN@bPFT@c20070719 |
| 905 | @a10447@dD262.6@e166 | |
| 正确认识和把握反腐败斗争形势/中央纪委宣传教育室编.-北京:中国方正出版社,2001 |
| 北京:中国方正出版社;20cm |
| ISBN 7-80107-497-1:CNY5.60 |
| ● |
| 相关链接 |
|
|
|
|
正题名:正确认识和把握反腐败斗争形势
索取号:D262.6/166
 
预约/预借
| 序号 | 登录号 | 条形码 | 馆藏地/架位号 | 状态 | 备注 |
| 1 | 0765173 | 207651735 | 第一样本阅览室/ [索取号:D262.6/166] | 在馆 | |
| 2 | 0766038 | 207660388 | 密集书库/ [索取号:D262.6/166] | 在馆 | |
| 3 | 0766833 | 207668335 | 密集书库/ [索取号:D262.6/166] | 在馆 | |
| 4 | 0770514 | 207705143 | 密集书库/ [索取号:D262.6/166] | 在馆 |